000 00625nam a2200169 4500
005 20250617114443.0
010 _aENG-145408
020 _a9789361632211
_c250.00
035 _aEN-128940
037 _bDBAD
082 _a500
245 _aSymmetric Through Two Days Premier International Conference on Advanced Nano Materials for Energy & Real World Implications of Mathematics/
_cDepartment of Mathematics
260 _aMadurai
_bShanlax Publications
_c2024
270 _a61,66 Vasantha Nagar
_bMadurai
_e625003
_mshanlaxpublications@gmail.com
300 _a81p.
_c24cm(Pb)
942 _2ddc
_cEN
_h500
_mSYM
999 _c211850
_d211850